| 000 | 00885nam a22002417a 4500 | ||
|---|---|---|---|
| 003 | SEM | ||
| 005 | 20260623122109.0 | ||
| 008 | 260623s1984 ai ||||gr||||||01|||arm|d | ||
| 040 |
_aSEM _cSEM |
||
| 041 | _aarm | ||
| 080 | _a891.981-8/Ա-15 | ||
| 100 | _aԱբովյան, Խաչատուր | ||
| 245 |
_aԵրկեր / _cԽ. Աբովյան ; Կազմ.՝ Հ. Ֆելիքյան ; Առաջաբ., ծանոթագր.՝ Պ. Հակոբյան |
||
| 260 |
_aԵրևան : _bՍովետ. գրող, _c1984. |
||
| 300 |
_aXXIV+720 էջ ; _c21 սմ |
||
| 490 | _aՀայ դասականի գրադարան | ||
| 650 |
_aՀայ գրականություն _xերկեր |
||
| 653 | _aՍԷՄ | ||
| 700 |
_aՖելիքյան, Հ. _eկազմ. _4comp. |
||
| 700 |
_aՀակոբյան, Պ. _eառաջաբ. _eծանոթագր. _4pref. _4cmm. |
||
| 830 | _aՀայ դասականի գրադարան | ||
| 942 |
_2udc _cBK |
||
| 999 |
_c45717 _d45717 |
||